|
|
|
|
| LEADER |
00000nab a2200000 a 4500 |
| 001 |
vtls000284829 |
| 003 |
SK-MaSNL |
| 005 |
20260304073018.0 |
| 008 |
250423c1987 xo 0 slo |
| 015 |
|
|
|a SNBRB19rr/mm-uuuuu
|
| 035 |
|
|
|a CL0294947
|
| 035 |
|
|
|a urn:nbn:sk:snk-abbh71
|
| 035 |
|
|
|a (urnnbn)urn:nbn:sk:snk:ar-0047al
|
| 035 |
|
|
|a (uuid)9587f2ed-f845-46f0-806c-c6ed9e47ef58
|
| 040 |
|
|
|a SNKBUCL
|b slo
|c SNKBUCL
|e AACR2
|
| 041 |
0 |
|
|a slo
|
| 044 |
|
|
|a xo
|c SK
|
| 080 |
|
|
|a 849.9-3
|2 1981
|
| 100 |
1 |
|
|a Rierová, Carme
|4 aut
|9 1361389
|
| 245 |
1 |
0 |
|a Áno, volám sa Helena
|c Carme Rierová ; Carme Riera, Oľga Hlaváčová
|
| 650 |
0 |
7 |
|a poviedky psychologické
|2 snkbucl
|9 893883
|
| 655 |
|
7 |
|a články z novín a časopisov
|2 snkbucl
|9 267496
|
| 655 |
|
7 |
|a články z odboru literárna veda a krásna literatúra
|2 snkbucl
|9 770045
|
| 700 |
1 |
|
|a Hlaváčová, Oľga
|c (prekladateľka)
|4 trl
|9 7151
|
| 700 |
1 |
|
|a Riera, Carme
|4 aut
|9 1361390
|
| 773 |
0 |
|
|t Revue svetovej literatúry
|g Roč. 23, č. 4 (1987), s. 77-83
|
| 850 |
|
|
|a Slovenská národná knižnica
|
| 852 |
|
|
|a Slovenská národná knižnica
|
| 958 |
|
|
|a article15
|
| 958 |
|
|
|a RK
|
| 958 |
|
|
|a LX
|
| 958 |
|
|
|a OND
|
| 958 |
|
|
|a EUIPO
|
| 999 |
|
|
|c 2769036
|d 2770966
|